Successes and failures of neoliberalism /
Guardado en:
| Hovedforfatter: | |
|---|---|
| Andre forfattere: | |
| Format: | Texto |
| Fag: | |
| Tags: |
Tilføj Tag
Ingen Tags, Vær først til at tagge denne postø!
|
MARC
| LEADER | 00000 a a2200000 04500 | ||
|---|---|---|---|
| 001 | 9264 | ||
| 003 | |||
| 040 | |||
| 100 | |a Huber, Evelyne | ||
| 245 | |a Successes and failures of neoliberalism / |c Evelyne Huber | ||
| 650 | |a NEOLIBERALISMO | ||
| 650 | |a POLITICA DE AJUSTE | ||
| 650 | |a CRECIMIENTO ECONOMICO | ||
| 650 | |a RECESION ECONOMICA | ||
| 650 | |a PRODUCTO INTERNO BRUTO | ||
| 650 | |a DESIGUALDAD SOCIAL | ||
| 700 | |a Solt, Fred | ||
| 773 | |g volumen 39, número 3; páginas 150-164 | ||
| 999 | |c 26299 |d 26299 | ||
